Statistics for Groups of Things - The Human Body

Click here to take the quiz!

General Stats

  • This quiz has been taken 255 times
  • The average score is 33 of 53

Answer Stats

HintAnswer% Correct
FingersThumb
95%
FingersIndex
94%
FingersPinky
94%
SensesSight
94%
SensesSmell
94%
SensesTouch
94%
LimbsLegs
93%
LimbsArms
92%
SensesTaste
92%
FingersMiddle
89%
FingersRing
89%
SensesHearing
87%
Biggest OrgansLiver
85%
TeethMolars
85%
Biggest OrgansHeart
83%
Leg BonesFemur
82%
Parts of the Outer EyeIris
81%
Most Common ElementsOxygen
80%
Biggest OrgansLungs
78%
Biggest OrgansSkin
78%
Biggest OrgansBrain
77%
Most Common ElementsCarbon
72%
Most Common ElementsHydrogen
71%
TeethCanines
70%
Leg BonesTibia
70%
Most Common ElementsNitrogen
67%
Main SystemsDigestive
66%
TeethIncisors
64%
Tissue TypesNervous
62%
Main SystemsNervous
62%
Main SystemsCirculatory
60%
Leg BonesFibula
60%
Parts of the Outer EyeCornea
54%
Parts of the Outer EyePupil
53%
Main SystemsRespiratory
53%
Leg BonesPatella
48%
TeethPremolars
43%
Main SystemsReproductive
41%
Most Common ElementsCalcium
38%
Main SystemsEndocrine
37%
Main SystemsSkeletal
37%
Major Types of MusclesSkeletal
37%
Tissue TypesMuscle
34%
Main SystemsImmune
33%
Main SystemsRenal
32%
Major Types of MusclesCardiac
30%
Main SystemsMuscular
26%
Major Types of MusclesSmooth
25%
Most Common ElementsPhosphorus
20%
Tissue TypesConnective
16%
Parts of the Outer EyeSclera
16%
Main SystemsIntegumentary
13%
Tissue TypesEpithelial
10%

Score Distribution

Percentile by Number Answered

Percent of People with Each Score

Your Score History

You have not taken this quiz